000 00631nam a2200205Ii 4500
003 JO-AjNU
008 230605s9999||||xx |||||||||||||| ||und||
040 _aJO-AjNU
_bara
_erda
_cJO-AjNU
041 _aara
050 1 4 _aQ181.A2 H8298 2005
100 3 _aالهويدي، زيد,
_eauthor
_922790
245 0 0 _aمعلم العلوم الفعال
250 _aط1
264 3 1 _aالعين:دار الكتاب الجامعي ، 2005
300 _a356ص
336 _atext
_btxt
_2rdacontent
337 _aunmediated
_bn
_2rdamedia
338 _avolume
_bnc
_2rdacarrier
650 4 _aالعلوم - دراسة وتعليم
_922791
999 _aA8144
_c11712
_d11712